书目信息 |
| 题名: |
淮水悲欢奏鸣曲
|
|
| 作者: | 孙路静 著 | |
| 分册: | ||
| 出版信息: | 北京 中国国际广播音像出版社 2006.01 |
|
| 页数: | 1641-2338页 | |
| 开本: | 21cm | |
| 丛书名: | ||
| 单 册: | ||
| 中图分类: | I247.5 | |
| 科图分类: | ||
| 主题词: | 长篇小说--chang pian xiao shuo--中国--当代 | |
| 电子资源: | ||
| ISBN: | 7-89994-961-0 | |
| 000 | 00824nam0 2200241 450 | |
| 001 | 012008509639 | |
| 005 | 20080322133039.54 | |
| 010 | @a7-89994-961-0@dCNY45.00 | |
| 100 | @a20080322d2006 km y0chiy0120 ea | |
| 101 | 0 | @achi |
| 102 | @aCN@b110000 | |
| 105 | @ay z 000ay | |
| 106 | @ar | |
| 200 | 1 | @a淮水悲欢奏鸣曲@Ahuai shui bei huan zou ming qu@e迷乱的诗情@f孙路静著@Fsun lu jing zhu |
| 210 | @a北京@c中国国际广播音像出版社@d2006.01 | |
| 215 | @a1641-2338页@d21cm | |
| 330 | @a本书的内容情节,都在围绕、解密一个像伸出两支胳膊的"申"的符号谜底所局限的非宿命而展开的………… | |
| 517 | 1 | @a迷乱的诗情@Ami luan de shi qing |
| 606 | 0 | @a长篇小说@Achang pian xiao shuo@y中国@z当代 |
| 690 | @aI247.5@v4 | |
| 701 | 0 | @a孙路静@Asun lu jing@4著 |
| 801 | 0 | @aCN@bQSSK@c20080322 |
| 905 | @b20290439-40@dI247.5@eS932:4@f2 | |
| 淮水悲欢奏鸣曲:迷乱的诗情/孙路静著.-北京:中国国际广播音像出版社,2006.01 |
| 1641-2338页;21cm |
| ISBN 7-89994-961-0:CNY45.00 |
| 本书的内容情节,都在围绕、解密一个像伸出两支胳膊的"申"的符号谜底所局限的非宿命而展开的………… |
| ● |
| 相关链接 |
|
|
|
正题名:淮水悲欢奏鸣曲
索取号:I247.5/S932:4
 
预约/预借
| 序号 | 登录号 | 条形码 | 馆藏地/架位号 | 状态 | 备注 |
| 1 | 290439 | 202904394 | 文学库108/108文学库 36排8列2层/ [索取号:I247.5/S932:4] | 在馆 | |
| 2 | 290440 | 202904401 | 文学库108/108文学库 36排8列2层/ [索取号:I247.5/S932:4] | 在馆 |